000
00337nam a2200145Ia 4500
008
220613s9999||||xx |||||||||||||| ||und||
020
_a
9781119263593
100
_a
Krantz,M.
245
0
_a
Fundamental Analysis for Dummies
250
_a
2nd.
260
_b
Hobbken: Jonn Wiley
300
_a
380
650
_a
Economics
942
_c
MANG
999
_c
16542
_d
16542